Zmeny v odmeňovaní zamestnancov vo verejnej správe od 1.9. 2019

Od 1.9. 2019 nadobúda účinnosť novela č. 224/2019 Z.z. zákona č. 553/20003 Z.z. o odmeňovaní niektorých zamestnancov pri výkone práce vo verejnom záujme a o zmene a doplnení niektorých zákonov v znení neskorších predspisov, ktorá prináša okrem zvýšenia platov začínajúcim učiteľom aj ďalšie zmeny v o...

Description complète

Enregistré dans:
Détails bibliographiques
Auteur principal: Matlovičová, Iveta
Format: Chapitre de livre
Langue:slovaque
Sujets:
Tags: Ajouter un tag
Pas de tags, Soyez le premier à ajouter un tag!

MARC

LEADER 00000naa a2200000 4500
001 0258279
005 20221104112158.3
041 0 |a slo 
044 |a SK 
245 1 0 |a Zmeny v odmeňovaní zamestnancov vo verejnej správe od 1.9. 2019  |c Iveta Matlovičová 
520 |a Od 1.9. 2019 nadobúda účinnosť novela č. 224/2019 Z.z. zákona č. 553/20003 Z.z. o odmeňovaní niektorých zamestnancov pri výkone práce vo verejnom záujme a o zmene a doplnení niektorých zákonov v znení neskorších predspisov, ktorá prináša okrem zvýšenia platov začínajúcim učiteľom aj ďalšie zmeny v odmeňovaní zamestnancov vo verejnej správe. 
610 2 0 |a odmeňovanie 
610 2 0 |a zamestnanci 
610 2 0 |a správa verejná 
610 2 0 |a zákony 
610 2 0 |a novelizácia 
610 2 0 |a Slovensko 
100 1 |a Matlovičová, Iveta